[Event "Rio de Janeiro-ch Absoluto 04"]
[Site "Rio de Janeiro"]
[Date "2005.01.29"]
[Round "4"]
[White "Farias, Jose Carlos Mesquit"]
[Black "De Araujo, Fernando M Xavier"]
[Result "0-1"]
[WhiteElo "2000"]
[BlackElo "1739"]
[PlyCount "74"]
[EventDate "2005.01.22"]
[EventType "swiss"]
[EventRounds "6"]
[EventCountry "BRA"]
[SourceTitle "EXT 2007"]
[Source "ChessBase"]
[SourceDate "2006.11.23"]
[SourceVersion "1"]
[SourceVersionDate "2006.11.23"]
[SourceQuality "1"]

1. e4 e5 2. Nf3 Nf6 3. Nc3 d6 4. Bc4 Be7 5. d4 exd4 6. Nxd4 0-0 7. 0-0 Bd7 8. Re1 Nc6 9. Bf4 Ne5 10. Bxe5 dxe5 11. Nf3 Bd6 12. Qe2 a6 13. Rad1 Qe7 14. Nd5 Nxd5 15. exd5 Rae8 16. Qe4 f5 17. Qh4 Qxh4 18. Nxh4 e4 19. g3 b5 20. Bb3 f4 21. Ng2 fxg3 22. hxg3 Bg4 23. Rd2 Rf6 24. Ne3 Bf3 25. Ng2 Rh6 26. c3 Re5 27. Nh4 Reh5 28. Bd1 Bxd1 29. Rdxd1 g5 30. Rxe4 gxh4 31. gxh4 Rxh4 32. Rdd4 Rh1+ 33. Kg2 R1h2+ 34. Kf1 Rf6 35. Rg4+ Kf7 36. f4 h5 37. Rg5 Bxf4 0-1

[Event "Rio de Janeiro-ch Absoluto 04"]
[Site "Rio de Janeiro"]
[Date "2005.01.23"]
[Round "3"]
[White "De Araujo, Fernando M Xavier"]
[Black "Einhorn, Marcelo"]
[Result "0-1"]
[WhiteElo "1739"]
[BlackElo "2057"]
[PlyCount "70"]
[EventDate "2005.01.22"]
[EventType "swiss"]
[EventRounds "6"]
[EventCountry "BRA"]
[SourceTitle "EXT 2007"]
[Source "ChessBase"]
[SourceDate "2006.11.23"]
[SourceVersion "1"]
[SourceVersionDate "2006.11.23"]
[SourceQuality "1"]

1. e4 e5 2. Nf3 Nc6 3. Bb5 a6 4. Bxc6 dxc6 5. 0-0 Bg4 6. d3 f6 7. Nbd2 Qd7 8. b3 0-0-0 9. Bb2 c5 10. a4 h5 11. Nc4 Nh6 12. Ne3 Be6 13. Qe1 g5 14. Qa5 h4 15. Ba3 Qc6 16. Nd2 Ng4 17. Nxg4 Bxg4 18. Nc4 Be6 19. Rab1 g4 20. f4 gxf3 21. gxf3 Bh3 22. Rf2 b5 23. axb5 axb5 24. Ne3 Kb7 25. Ra1 Rg8+ 26. Kh1 Ra8 27. Qe1 Bh6 28. Nd5 Rg7 29. Bb2 b4 30. Rxa8 Kxa8 31. Qa1+ Kb7 32. Bc1 Bxc1 33. Qxc1 f5 34. Ne3 f4 35. Nd5 Qg6 0-1